000 00861nam a2200277 i 4500
003 DO-SdBNP
005 20240808105327.0
006 a||||er|||| 00| 0
007 ta
008 240806t2024 dr ||||| |||| 00| j eng d
040 _aDO-SdBNP
_bspa
_cBNPHU
_erda
041 _hger
082 4 _222
_aT655d
100 1 _aTomaschewsky K.
_eautor
_986240
245 1 0 _aDidáctica General /
_cK. Tomaschewsky; traducido por Abel Suárez Mondragón
264 1 _aMéxico, D. F.
_bEditorial Grijalbo,
_c1966
300 _a29 páginas ;
_c21 cm.
336 _2rdacontent
_atexto
_btxt
337 _2rdamedia
_asin mediación
_bn
338 _2rdacarrier
_avolumen
_bnc
490 0 _aPedagógica
534 _aTítulo de la obre en alemán: DIDAKTIK.
590 _aInventariado 2024 / MF
700 _aSuárez Mondragón, Abel,
_etraductor
_986241
942 _2ddc
_cLBS1
999 _c57385
_d57385